Life: Advanced. Teacher's Book
Wedi'i Gadw mewn:
| Prif Awdur: | |
|---|---|
| Fformat: | Llyfr |
| Iaith: | Saesneg |
| Cyhoeddwyd: |
Hampshire
National Geographic Learning
2014
|
| Rhifyn: | 1a. ed |
| Cyfres: | C1
|
| Pynciau: | |
| Tagiau: |
Ychwanegu Tag
Dim Tagiau, Byddwch y cyntaf i dagio'r cofnod hwn!
|
MARC
| LEADER | 00000cam a2200000 a 4500 | ||
|---|---|---|---|
| 001 | UCE8460 | ||
| 003 | CL-VaPUC | ||
| 008 | 150806e20140000uk |||||||||||||||||eng|d | ||
| 020 | |a 9781133315773 | ||
| 082 | 0 | 4 | |a 428 |b HIL |2 21 |
| 100 | |a Hill, David A |e author |9 581173 | ||
| 245 | 1 | 0 | |a Life: Advanced. Teacher's Book |
| 250 | |a 1a. ed | ||
| 300 | |a 198 p | ||
| 942 | |c BK | ||
| 945 | |d 20150806 12:26:00 |a dcastane | ||
| 260 | |a Hampshire |b National Geographic Learning |c 2014 | ||
| 500 | |a Incluye 2 CD con audio de lecciones | ||
| 650 | 0 | |a Educación lingüística |9 306506 | |
| 650 | 0 | |a Lengua inglesa |9 318842 | |
| 650 | 0 | |a Métodos de enseñanza |9 270413 | |
| 650 | 0 | |a Enseñanza del inglés |9 367340 | |
| 583 | |a last modification |c 20150806 12:26:00 |k Rodrigo Vera | ||
| 490 | 0 | |a C1 | |
| 999 | |c 360317 |d 360315 | ||